000
00279nam a2200097Ia 4500
001
653783
005
20250826154505.0
008
250824s9999 xx 000 0 und d
245
0
_a
BATIK ŞEHRİN İŞARETİ-2--BOLBADİM GÜNLÜKLERİ
_c
ASLI TOHUMCU
260
_b
GÜNIŞIĞI YAYINLARI
999
_c
653783
_d
653783